000
00316nam a22001337a 4500
020
_a
0-553-2777-X
082
_a
823
_b
MAN/G
100
_a
MANDINO,O.G
245
_a
THE GREATEST SALESMAN IN THE WORLD
260
_a
NEW YORK
_b
BANTAM BOOKS
300
_a
119
650
_a
PERSONALITY DEVELOPMENT
_z
NEW YORK
942
_c
BK
999
_c
5389
_d
5389